Gli studenti nella storia. Conferenza tenuta il giorno 26 marzo 1894 alla Società degli insegnanti in Bologna

Salvato in:
Dettagli Bibliografici
Autore principale: Vitta, Ernesto.
Natura: Libro
Lingua:italiano
Pubblicazione: Bologna Azzoguidi 1894
Catalogo:EDISCO:  Risultati della ricerca del catalogo della biblioteca
Libro di testo Classificazione:
Tags: Aggiungi Tag
Nessun Tag, puoi essere il primo ad aggiungerne!!
Aggiunto a:2016-04-30
Cambiato in:2017-10-18

MARC

LEADER 00000aam a22000007 4500
001 05997
003 OSt
005 20171018094838.0
008 160501s1894 it 000 0 ita
040 |c Gianfranco Bandini - Firenze - CLIO 
041 1 |a ita 
100 1 |a Vitta, Ernesto. 
245 0 0 |a Gli studenti nella storia. Conferenza tenuta il giorno 26 marzo 1894 alla Società degli insegnanti in Bologna 
260 |a Bologna  |b Azzoguidi  |c 1894 
300 |a 42, 1/x ;  
901 |a 7 
942 |2 ddc  |c BK 
546 |a ita 
999 |c 5986  |d 5986 
999 |c edisco:5986  |d 5986